000 00319nam a2200133Ia 4500
008 240624s9999 xx 000 0 und d
041 _aeng
082 _a158.122 LIT
100 _aLITVINOFF SARAH
245 _aCONFIDENCE PLAN
260 _c2007
_aEngland
_bBBC Active
300 _a240 : p. : cm. ; 21
365 _c
_b30
999 _c11416
_d11416